00786nam a2200241Ia 450000100060000000300090000600800410001504000130005604000130006904100130008210000250009510000290012024500270014924500380017625000110021426000110022526000150023626000490025130000590030050001290035965000250048865000310051379027IT-RoPAU130308s9999 xx 000 0 und d aIT-RoPAU cIT-RoPAU aITALIANO aBergamaschi Giuliano gCodice Aut. SPICS: 27277 aComunicazione ed etica bLinguaggi della Comunicazione (I) a1a ed. aPADOVA bGregoriana c1987 [1° Ed.:1987 - Ed.Ling.Originale:1985] a"10 p. (prefazione: no ; testo: 10 [pagine: 103-112])" aComunicare Persuasioni Dentro un Orizzonte Valutativo Minimo Non è mai innocente mani Immacolate Ma Vuote della tolleranza aSAGGI DI LINGUISTICA eCodice materia Spics: 3207